Tropico 6 Quiz - Statistics

General Stats
  • This quiz has been taken 10 times
    8 since last reset
  • The average score is 9 of 11
Answer Stats
Hint Answer % Correct
What is the maximum education a citizen can obtain? College
100%
What is the main character know as? El Presidente
100%
How many foreign powers? (Modern Times) Five
100%
In which era are police stations unlocked? World Wars
100%
What is the maximum population you can have on your island? 10000
83%
How many different crops can be grown in plantations? Nine
83%
Who is his assistant? Penultimo
83%
Which resource does it take to produce rum? Sugar
83%
Who do you declare independence from? The Crown
67%
Who is the man where you can pay swiss dollars to known as? The Broker
50%
Which resource can be infected during a plague? Water
33%
No matching quizzes found
Score Distribution
Percent of People with Each Score
Percentile by Number Answered
Your Score History
You have not taken this quiz since the last reset